The role of mentorship in shaping public library leaders (Record no. 76433)
[ view plain ]
| 000 -CABECERA | |
|---|---|
| campo de control de longitud fija | 00547nam a2200205 a 4500 |
| 005 - FECHA Y HORA DE LA ÚLTIMA TRANSACCIÓN | |
| campo de control | 20210219153426.0 |
| 008 - ELEMENTOS DE LONGITUD FIJA--INFORMACIÓN GENERAL | |
| campo de control de longitud fija | 991125n 000 0 eng u |
| 035 ## - NÚMERO DE CONTROL DEL SISTEMA | |
| Número de control de sistema | UPN01000098080 |
| 100 ## - ASIENTO PRINCIPAL--NOMBRE PERSONAL | |
| Nombre de persona | Chatman, Alfreda A. |
| 222 ## - TÍTULO CLAVE | |
| Título clave | LIBRARY TRENDS |
| 245 ## - MENCIÓN DE TÍTULO | |
| Título | The role of mentorship in shaping public library leaders |
| 300 ## - DESCRIPCIÓN FÍSICA | |
| Extensión | 492-512 |
| 362 ## - FECHAS DE PUBLICACIÓN Y/O DESIGNACIÓN SECUENCIAL | |
| Fecha de publicación y/o designación secuencial | 1992 40, no. 3 |
| 653 0# - TERMINO DE INDIZACION - NO CONTROLADO | |
| Término no controlado | ADMINISTRACION DE BIBLIOTECAS |
| 653 0# - TERMINO DE INDIZACION - NO CONTROLADO | |
| Término no controlado | BIBLIOTECAS PUBLICAS |
| 653 0# - TERMINO DE INDIZACION - NO CONTROLADO | |
| Término no controlado | LIDERAZGO |
| 653 0# - TERMINO DE INDIZACION - NO CONTROLADO | |
| Término no controlado | MENTOR |
| 904 ## - ELEMENTOS DE DATOS D LOCAL, LDD (RLIN) | |
| a | AC |
| b | 035891 |
| 905 ## - TIPO DE MATERIAL | |
| Tipo de material | Articulo |
No items available.
